| 000 | 00709nam a2200217 i 4500 | ||
|---|---|---|---|
| 001 | 24174 | ||
| 003 | ES-MaACL | ||
| 005 | 20230906153013.0 | ||
| 007 | t| | ||
| 008 | 021216s1973 xxu ||||1| spa d | ||
| 100 | 1 |
_aAmorós, Andrés. _921309 |
|
| 245 | 1 | 0 |
_aBibliografía de Francisco Ayala / _cAndrés Amorós. |
| 260 |
_aNew York : _bSyracuse University. Centro de Estudios Hispánicos, _c[1973] |
||
| 300 |
_a95 p. ; _c22 cm. |
||
| 490 | 1 |
_aBibliotheca Hispana Novissima ; _v4 |
|
| 710 | 2 |
_aCentro de Estudios Hispánicos. _92636 |
|
| 830 | 0 |
_aBibliotheca Hispana Novissima ; _v4 _9229077 |
|
| 852 |
_aES-MaACL _jE-7973 _bR.92430 |
||
| 852 |
_aES-MaACL _jC-55462 _bR.88092 |
||
| 999 |
_c24174 _d24174 |
||